[Event "8th Palma de Mallorca it"]
[Site "Palma de Mallorca ESP"]
[Date "1972.12.06"]
[Round "8"]
[White "Pomar Salamanca, Arturo"]
[Black "Hug, Werner"]
[Result "1-0"]
[WhiteElo "2460"]
[BlackElo "2475"]
[EventDate "1972.11.27"]
[PlyCount "43"]

1.c4 Nf6 2.Nc3 d6 3.d4 e5 4.Nf3 Qe7 5.g3 Bg4 6.Bg2 c6 7.O-O g6 8.c5 exd4 
9.cxd6 Qxd6 10.Bf4 Qd8 11.Nxd4 Nbd7 12.h3 Be6 13.Nxe6 fxe6 14.Qb3 Nc5 15.
Qc4 Nfd7 16.Rad1 Qf6 17.Ne4 Nxe4 18.Qxe4 Bc5 19.b4 Bb6 20.Rd6 Ke7 21.Bg5 
Kxd6 22.Rd1+ 1-0

[Event "8th Palma de Mallorca it"]
[Site "Palma de Mallorca ESP"]
[Date "1972.12.08"]
[Round "9"]
[White "Bilek, Istvan"]
[Black "Ljubojevic, Ljubomir"]
[Result "1/2-1/2"]
[WhiteElo "2485"]
[BlackElo "2550"]
[EventDate "1972.11.27"]
[PlyCount "38"]

1.Nf3 Nf6 2.g3 b5 3.Bg2 Bb7 4.d3 c5 5.e4 d6 6.O-O e5 7.Ng5 h6 8.Nh3 d5 9.
Nc3 b4 10.Nxd5 Nxd5 11.exd5 Bxd5 12.Bxd5 Qxd5 13.Re1 Be7 14.Qg4 g5 15.Qc8+
Bd8 16.Qf5 Nc6 17.c3 Be7 18.f3 Rd8 19.Nf2 O-O 1/2-1/2

[Event "8th Palma de Mallorca it"]
[Site "Palma de Mallorca ESP"]
[Date "1972.12.08"]
[Round "9"]
[White "Hug, Werner"]
[Black "Medina Garcia, Antonio"]
[Result "1-0"]
[WhiteElo "2475"]
[BlackElo "2380"]
[EventDate "1972.11.27"]
[PlyCount "109"]

1.e4 e5 2.Nf3 Nc6 3.Bb5 a6 4.Bxc6 dxc6 5.c3 Qd3 6.Qe2 Qxe2+ 7.Kxe2 Nf6 8.
d3 Bd6 9.Nbd2 O-O 10.Nc4 Re8 11.h3 c5 12.a4 b6 13.Bd2 a5 14.b3 Ba6 15.g3 
Nd7 16.g4 Rad8 17.Kd1 Nf8 18.Kc2 Rd7 19.Be3 Bb7 20.Rhg1 f6 21.Nh4 Ne6 22.
Nf5 Bf8 23.g5 Nxg5 24.Bxg5 fxg5 25.Rxg5 g6 26.Nfe3 Bg7 27.Ng4 Rf7 28.Rf1 
Bc8 29.Ncxe5 Bxe5 30.Nxe5 Bxh3 31.Nxf7 Bxf1 32.Ne5 Rf8 33.f3 Bh3 34.d4 
cxd4 35.cxd4 Kg7 36.Kd3 Kf6 37.Rg1 c5 38.Rh1 cxd4 39.f4 Bc8 40.Rxh7 Rd8 
41.Rf7+ Ke6 42.Rg7 Ba6+ 43.Kd2 Rh8 44.Rxg6+ Ke7 45.Ng4 Rh3 46.Rxb6 Rd3+ 
47.Kc2 Rc3+ 48.Kb2 Bd3 49.f5 Rc2+ 50.Ka3 Rc5 51.f6+ Ke8 52.Rb8+ Kf7 53.
Rb7+ Kf8 54.Nh6 Rc8 55.Rh7 1-0

[Event "8th Palma de Mallorca it"]
[Site "Palma de Mallorca ESP"]
[Date "1972.12.08"]
[Round "9"]
[White "Panno, Oscar"]
[Black "Bellon Lopez, Juan Manuel"]
[Result "1-0"]
[WhiteElo "2570"]
[BlackElo "2385"]
[EventDate "1972.11.27"]
[PlyCount "95"]

1.d4 Nf6 2.c4 c5 3.Nf3 cxd4 4.Nxd4 e5 5.Nb5 d5 6.cxd5 Qa5+ 7.N5c3 b5 8.a3 
b4 9.Qa4+ Qxa4 10.Nxa4 Bd7 11.axb4 Nxd5 12.b5 Bxb5 13.e4 Bxf1 14.Kxf1 Nc7 
15.Be3 Nc6 16.Nd2 Ne6 17.g3 Bb4 18.Kg2 O-O 19.Nc4 Rfc8 20.Rhd1 Ncd4 21.
Nxe5 Nc2 22.Rac1 Nxe3+ 23.fxe3 Rxc1 24.Rxc1 Ng5 25.Rc4 Bd2 26.h4 f6 27.Nc6
Nf7 28.Kf2 Ne5 29.Nxe5 fxe5 30.Ke2 Ba5 31.b4 Bd8 32.Nb2 Be7 33.Nd3 a5 34.
bxa5 Rxa5 35.Rc7 Kf8 36.Kf3 h5 37.Rd7 Bf6 38.Rd5 Ra1 39.Nxe5 Bxe5 40.Rxe5 
g6 41.Kf4 Rg1 42.Ra5 Kf7 43.Ra7+ Ke6 44.Ra6+ Kf7 45.e5 Rf1+ 46.Kg5 Rf5+ 
47.Kh6 Rxe5 48.Rxg6 1-0

[Event "8th Palma de Mallorca it"]
[Site "Palma de Mallorca ESP"]
[Date "1972.12.09"]
[Round "10"]
[White "Bellon Lopez, Juan Manuel"]
[Black "Hug, Werner"]
[Result "0-1"]
[WhiteElo "2385"]
[BlackElo "2475"]
[EventDate "1972.11.27"]
[PlyCount "128"]

1.b3 Nf6 2.Bb2 d5 3.e3 g6 4.Nf3 Bg7 5.d3 O-O 6.g3 c5 7.Bg2 Nc6 8.Nbd2 Qc7 
9.O-O b6 10.c4 Rd8 11.Qe2 Bb7 12.Rfc1 dxc4 13.Nxc4 Rac8 14.Bh3 e6 15.a3 
Qd7 16.Rd1 b5 17.Nce5 Nxe5 18.Nxe5 Qc7 19.f4 Nd7 20.Ng4 f5 21.Nf2 e5 22.
Bg2 Bxg2 23.Kxg2 Qc6+ 24.e4 Rf8 25.fxe5 Bxe5 26.Kg1 Rce8 27.Rac1 Qf6 28.
Bxe5 Qxe5 29.b4 Qd4 30.Qa2+ Kg7 31.bxc5 Nxc5 32.Qc2 Rc8 33.Qc3 Ne6 34.
Qxd4+ Nxd4 35.Kf1 Nc2 36.Ke2 Nxa3 37.e5 b4 38.Ke3 Nc2+ 39.Kd2 b3 40.Rb1 
Rb8 41.Rdc1 Rfc8 42.Nd1 Nd4 43.Rxc8 Rxc8 44.Ke3 Nc2+ 45.Kd2 Nd4 46.Ke3 Rd8
47.Nb2 a5 48.Rc1 Nc2+ 49.Kd2 Rc8 50.Nc4 Rc5 51.Kc3 a4 52.Rb1 Ne3 53.Ra1 b2
54.Kxb2 Nxc4+ 55.dxc4 Rxc4 56.Rd1 Re4 57.Rd7+ Kh6 58.Re7 Re2+ 59.Kc3 a3 
60.h3 a2 61.Ra7 Rxe5 62.Kd3 Rb5 63.Kc3 Rb1 64.Rxa2 Rg1 0-1

[Event "8th Palma de Mallorca it"]
[Site "Palma de Mallorca ESP"]
[Date "1972.12.09"]
[Round "10"]
[White "Ljubojevic, Ljubomir"]
[Black "Panno, Oscar"]
[Result "1-0"]
[WhiteElo "2550"]
[BlackElo "2570"]
[EventDate "1972.11.27"]
[PlyCount "85"]

1.e4 g6 2.d4 Bg7 3.Nc3 d6 4.f4 a6 5.Nf3 b5 6.Bd3 Bb7 7.Qe2 Nf6 8.e5 dxe5 
9.fxe5 Nd5 10.Ng5 Nb4 11.O-O O-O 12.Be4 Ra7 13.Bxb7 Rxb7 14.Qe4 c6 15.Qh4 
h6 16.Nf3 e6 17.Bg5 f6 18.Bxf6 Bxf6 19.exf6 Nxc2 20.Rac1 Ne3 21.Qxh6 Nxf1 
22.Qxg6+ Kh8 23.Ne4 Rg8 24.Qh5+ Rh7 25.Qe5 Nd7 26.Qf4 Ne3 27.Qxe3 Nxf6 28.
Neg5 Re7 29.Qe5 Rg6 30.Rxc6 Qd5 31.Rc8+ Kg7 32.Qb8 Rxg5 33.Rc5 Nd7 34.Qd8 
Nxc5 35.Qxe7+ Kg6 36.Qxg5+ Qxg5 37.Nxg5 Nd3 38.Nxe6 Nxb2 39.Nc7 Na4 40.
Nxa6 Nc3 41.Nb4 Ne2+ 42.Kf2 Nxd4 43.Ke3 1-0

[Event "8th Palma de Mallorca it"]
[Site "Palma de Mallorca ESP"]
[Date "1972.12.09"]
[Round "10"]
[White "Medina Garcia, Antonio"]
[Black "Ivkov, Borislav"]
[Result "1/2-1/2"]
[WhiteElo "2380"]
[BlackElo "2520"]
[EventDate "1972.11.27"]
[PlyCount "51"]

1.e4 e5 2.Nf3 Nc6 3.Bb5 a6 4.Ba4 Nf6 5.O-O Be7 6.d4 exd4 7.e5 Ne4 8.Nxd4 
Nc5 9.Nf5 O-O 10.Qg4 g6 11.Nxe7+ Qxe7 12.Bxc6 dxc6 13.Qg3 Re8 14.Re1 Bf5 
15.Nc3 f6 16.Bf4 Bxc2 17.Re2 Bf5 18.exf6 Qxf6 19.Rae1 Qf7 20.Rxe8+ Rxe8 
21.Rxe8+ Qxe8 22.h3 Nd3 23.Bh6 Qe1+ 24.Kh2 Qe7 25.Nd1 Qd6 26.f4 1/2-1/2

[Event "8th Palma de Mallorca it"]
[Site "Palma de Mallorca ESP"]
[Date "1972.12.09"]
[Round "10"]
[White "Polugaevsky, Lev"]
[Black "Smejkal, Jan"]
[Result "1/2-1/2"]
[WhiteElo "2645"]
[BlackElo "2545"]
[EventDate "1972.11.27"]
[PlyCount "58"]

1.c4 Nf6 2.Nf3 g6 3.Nc3 d5 4.cxd5 Nxd5 5.Qa4+ Bd7 6.Qh4 Bc6 7.Ne5 Bg7 8.
Nxc6 Nxc6 9.Qe4 e6 10.e3 O-O 11.Be2 Nce7 12.Qc2 Rc8 13.Nxd5 Nxd5 14.O-O c5
15.d3 Qd7 16.Bd2 Rfd8 17.a3 c4 18.d4 e5 19.dxe5 Bxe5 20.Rad1 Qb5 21.Bc1 
Nb6 22.Bg4 Rb8 23.Rxd8+ Rxd8 24.Rd1 Rd3 25.Be2 Rxd1+ 26.Bxd1 Kg7 27.h4 h5 
28.Be2 Qc6 29.g3 Na4 1/2-1/2

[Event "8th Palma de Mallorca it"]
[Site "Palma de Mallorca ESP"]
[Date "1972.12.09"]
[Round "10"]
[White "Robatsch, Karl"]
[Black "Andersson, Ulf"]
[Result "0-1"]
[WhiteElo "2460"]
[BlackElo "2535"]
[EventDate "1972.11.27"]
[PlyCount "102"]

1.e4 c5 2.Nf3 d6 3.d4 cxd4 4.Nxd4 Nf6 5.Nc3 e6 6.f4 Be7 7.Bd3 a6 8.Nf3 Qc7
9.O-O Nbd7 10.Qe1 e5 11.Kh1 O-O 12.fxe5 dxe5 13.Bg5 h6 14.Bd2 b5 15.a3 Re8
16.Nh4 Bb7 17.Nf5 Bf8 18.Qh4 Qd8 19.Rf2 Re6 20.Raf1 Nc5 21.Qg3 Kh8 22.Re1 
Rc8 23.Qh3 Rc7 24.Bc1 Rd7 25.Rf3 Nfxe4 26.Nxe4 Nxe4 27.Ref1 Ng5 28.Bxg5 
Qxg5 29.Rg3 Qd2 30.Nd4 Rf6 31.Nf3 Rxd3 32.Nxd2 Rxd2 33.Rgf3 Bxf3 34.gxf3 
Rxc2 35.b4 g6 36.Qg3 Re6 37.Rf2 Rc1+ 38.Kg2 Kg7 39.Re2 Bd6 40.Qh4 Be7 41.
Qe4 Bg5 42.Rc2 Rxc2+ 43.Qxc2 Rd6 44.Qc8 h5 45.Qb7 Bf4 46.h3 h4 47.Qc8 Rd2+
48.Kg1 Rd3 49.Qxa6 Rxf3 50.Qxb5 Rxh3 51.a4 Rc3 0-1

[Event "8th Palma de Mallorca it"]
[Site "Palma de Mallorca ESP"]
[Date "1972.12.10"]
[Round "11"]
[White "Andersson, Ulf"]
[Black "Gheorghiu, Florin"]
[Result "1/2-1/2"]
[WhiteElo "2535"]
[BlackElo "2520"]
[EventDate "1972.11.27"]
[PlyCount "31"]

1.Nf3 c5 2.c4 Nf6 3.Nc3 Nc6 4.d4 cxd4 5.Nxd4 e6 6.Ndb5 Bb4 7.Bf4 O-O 8.Bd6
Bxd6 9.Nxd6 Qb6 10.Qd2 Nd4 11.Rd1 Qxd6 12.Qxd4 Qxd4 13.Rxd4 d5 14.cxd5 
Nxd5 15.Nxd5 exd5 16.e3 1/2-1/2

[Event "8th Palma de Mallorca it"]
[Site "Palma de Mallorca ESP"]
[Date "1972.12.10"]
[Round "11"]
[White "Bilek, Istvan"]
[Black "Polugaevsky, Lev"]
[Result "0-1"]
[WhiteElo "2485"]
[BlackElo "2645"]
[EventDate "1972.11.27"]
[PlyCount "130"]

1.c4 Nf6 2.Nf3 c6 3.d4 d5 4.cxd5 cxd5 5.Nc3 Nc6 6.Bf4 e6 7.e3 Be7 8.Bd3 
O-O 9.O-O Bd7 10.Ne5 Qb6 11.Bg5 Be8 12.a3 Rc8 13.Qe2 h6 14.Bxf6 Bxf6 15.
Ng4 Bd8 16.Nxd5 exd5 17.Nxh6+ gxh6 18.Qg4+ Kh8 19.Qf5 Kg7 20.Qg4+ Kf6 21.
Qxc8 Ne7 22.Qh3 Kg7 23.b4 Qd6 24.Rac1 f5 25.Qg3+ Qxg3 26.hxg3 Bd7 27.Rc3 
Kf6 28.Rfc1 Ke6 29.Kf1 Ng8 30.Ke2 Nf6 31.Rh1 h5 32.Rc2 Be7 33.Rc7 Rb8 34.
Rc2 Bd6 35.Rc3 b5 36.Rc2 a5 37.Rb1 axb4 38.axb4 Ra8 39.Rcb2 Ne4 40.Rc1 Ra4
41.Rh1 Be8 42.Bc2 Rxb4 43.Rxb4 Bxb4 44.Bxe4 dxe4 45.Rc1 Bd7 46.Kd1 Ba3 47.
Rc7 Bb4 48.Rc2 Kd6 49.Kc1 Ba3+ 50.Kb1 Be6 51.Rc3 Bb4 52.Rc1 Ba3 53.Rc3 b4 
54.Rc5 b3 55.Ra5 Bb4 56.Ra6+ Kd5 57.Kb2 Be1 58.Kxb3 Bxf2 59.Kc3 Bxe3 60.
Ra5+ Kd6 61.Ra6+ Ke7 62.Ra7+ Bd7 63.Kc4 Bf2 64.Ra2 e3 65.Kc5 f4 0-1

[Event "8th Palma de Mallorca it"]
[Site "Palma de Mallorca ESP"]
[Date "1972.12.10"]
[Round "11"]
[White "Calvo Minguez, Ricardo"]
[Black "Pomar Salamanca, Arturo"]
[Result "1/2-1/2"]
[WhiteElo "2330"]
[BlackElo "2460"]
[EventDate "1972.11.27"]
[PlyCount "42"]

1.Nf3 d5 2.g3 Nf6 3.Bg2 c5 4.c4 Nc6 5.O-O e6 6.cxd5 Nxd5 7.Nc3 Be7 8.d3 
O-O 9.Bd2 b6 10.a3 Bb7 11.Qa4 a6 12.Rfc1 Rc8 13.Nxd5 exd5 14.b4 b5 15.Qb3 
Bf6 16.Rab1 c4 17.Qd1 Re8 18.e3 cxd3 19.Rb3 a5 20.Rxd3 axb4 21.axb4 Qe7 
1/2-1/2

[Event "8th Palma de Mallorca it"]
[Site "Palma de Mallorca ESP"]
[Date "1972.12.10"]
[Round "11"]
[White "Hug, Werner"]
[Black "Ljubojevic, Ljubomir"]
[Result "1/2-1/2"]
[WhiteElo "2475"]
[BlackElo "2550"]
[EventDate "1972.11.27"]
[PlyCount "74"]

1.c4 e5 2.Nc3 Nc6 3.g3 d6 4.Bg2 Be6 5.d3 Qd7 6.Rb1 a5 7.a3 Nge7 8.Bd2 g6 
9.e3 Bg7 10.Qc2 O-O 11.Nge2 Bh3 12.O-O Bxg2 13.Kxg2 f5 14.b4 axb4 15.axb4 
g5 16.f4 gxf4 17.gxf4 Ng6 18.Kh1 Nce7 19.b5 c6 20.Qb3 Kh8 21.Ng3 exf4 22.
exf4 d5 23.cxd5 cxd5 24.Na4 Rxa4 25.Qxa4 d4 26.Rf2 Nd5 27.Re1 Nh4 28.h3 b6
29.Kh2 Rg8 30.Qd1 Ne3 31.Qh5 Bf6 32.Bxe3 Qg7 33.Nxf5 Nxf5 34.Qxf5 dxe3 35.
Rfe2 Qg3+ 36.Kh1 Qf3+ 37.Kh2 Bd4 1/2-1/2

[Event "8th Palma de Mallorca it"]
[Site "Palma de Mallorca ESP"]
[Date "1972.12.10"]
[Round "11"]
[White "Smejkal, Jan"]
[Black "Robatsch, Karl"]
[Result "1/2-1/2"]
[WhiteElo "2545"]
[BlackElo "2460"]
[EventDate "1972.11.27"]
[PlyCount "148"]

1.d4 Nf6 2.Nf3 c5 3.c4 e6 4.g3 cxd4 5.Nxd4 d5 6.Bg2 e5 7.Nf3 d4 8.O-O Nc6 
9.e3 Bg4 10.h3 Bh5 11.exd4 exd4 12.Qa4 Qd7 13.Bg5 Be7 14.Bxf6 Bxf6 15.Re1+
Be7 16.Nbd2 O-O 17.Ne5 Qd6 18.Nxc6 bxc6 19.Qxc6 Rab8 20.Qxd6 Bxd6 21.Nb3 
Rfc8 22.Bf1 a5 23.Rac1 a4 24.Nxd4 Rxb2 25.c5 Bc7 26.Ba6 Ra8 27.Rc2 a3 28.
Re7 Kf8 29.Rxc7 Rxa6 30.c6 Bf3 31.Rxb2 axb2 32.Rb7 Rxa2 33.Nxf3 Ra1+ 34.
Kg2 b1=Q 35.Rxb1 Rxb1 36.Nd4 Rb4 37.c7 Rc4 38.Nb5 Ke7 39.Kf3 Kd7 40.Ke3 
Rc5 41.Nd4 Rxc7 42.Nf5 g6 43.Nd4 Rc5 44.h4 Kd6 45.Nf3 h6 46.Nh2 Rc4 47.Kf3
h5 48.Kg2 Kd5 49.Nf3 Rc2 50.Ng5 Ke5 51.Kf3 Kf5 52.Nh3 Rc3+ 53.Kg2 Ra3 54.
Nf4 Ke5 55.Nh3 Ra6 56.Ng5 Ra7 57.Kf3 Kd4 58.Ke2 Re7+ 59.Kd2 Re8 60.Nf3+ 
Kd5 61.Kd3 Re4 62.Ng5 Re7 63.Nh3 Re1 64.Kd2 Re5 65.Nf4+ Kd4 66.Nh3 Kd5 67.
Nf4+ Kd4 68.Nh3 Kc4 69.Nf4 Re4 70.Ne2 Re6 71.Nf4 Re5 72.Ne2 Re4 73.Ng1 Kd5
74.Nh3 Re5 1/2-1/2

[Event "8th Palma de Mallorca it"]
[Site "Palma de Mallorca ESP"]
[Date "1972.12.12"]
[Round "12"]
[White "Andersson, Ulf"]
[Black "Smejkal, Jan"]
[Result "1-0"]
[WhiteElo "2535"]
[BlackElo "2545"]
[EventDate "1972.11.27"]
[PlyCount "80"]

1.Nf3 Nf6 2.c4 c5 3.Nc3 d5 4.cxd5 Nxd5 5.g3 g6 6.Bg2 Bg7 7.O-O O-O 8.Nxd5 
Qxd5 9.d3 Na6 10.a3 Qh5 11.Rb1 Bh3 12.Qa4 Bxg2 13.Kxg2 Qd5 14.Be3 Nc7 15.
Rfc1 Ne6 16.b4 cxb4 17.Qxb4 b6 18.Qxe7 Qa2 19.d4 Rfe8 20.Qb7 Qxa3 21.d5 
Rab8 22.Qc6 Nf8 23.Bf4 Rbd8 24.e3 Qd3 25.Rd1 Qe4 26.Qb5 Bc3 27.Rb3 Rc8 28.
Bd6 Red8 29.Ba3 Nd7 30.Qd3 Qxd3 31.Rxd3 Bf6 32.e4 Nc5 33.Bxc5 bxc5 34.Rd2 
c4 35.Ra3 Re8 36.Re3 Bg7 37.Rc2 Red8 38.Ra3 Re8 39.Re3 Red8 40.Nd2 c3 1-0

[Event "8th Palma de Mallorca it"]
[Site "Palma de Mallorca ESP"]
[Date "1972.12.12"]
[Round "12"]
[White "Gheorghiu, Florin"]
[Black "Pomar Salamanca, Arturo"]
[Result "1/2-1/2"]
[WhiteElo "2520"]
[BlackElo "2460"]
[EventDate "1972.11.27"]
[PlyCount "41"]

1.Nf3 Nf6 2.c4 e6 3.g3 b6 4.Bg2 Bb7 5.O-O Be7 6.b3 c5 7.Bb2 Nc6 8.e3 O-O 
9.Qe2 d5 10.Rd1 Rc8 11.d3 Qd7 12.Nc3 Rfd8 13.d4 Qe8 14.cxd5 exd5 15.dxc5 
bxc5 16.Rac1 Nb4 17.Ne1 Ba6 18.Qf3 d4 19.Ne4 Nxe4 20.Qxe4 Bf6 21.exd4 
1/2-1/2

[Event "8th Palma de Mallorca it"]
[Site "Palma de Mallorca ESP"]
[Date "1972.12.12"]
[Round "12"]
[White "Ljubojevic, Ljubomir"]
[Black "Ivkov, Borislav"]
[Result "1/2-1/2"]
[WhiteElo "2550"]
[BlackElo "2520"]
[EventDate "1972.11.27"]
[PlyCount "31"]

1.c4 c5 2.Nc3 Nc6 3.g3 g6 4.Bg2 Bg7 5.e3 e6 6.Nge2 Nge7 7.d4 cxd4 8.exd4 
d5 9.cxd5 Nxd5 10.Nxd5 exd5 11.O-O O-O 12.Be3 Bg4 13.Qd2 Bxe2 14.Qxe2 Nxd4
15.Qd2 Qf6 16.Bxd4 1/2-1/2

[Event "8th Palma de Mallorca it"]
[Site "Palma de Mallorca ESP"]
[Date "1972.12.12"]
[Round "12"]
[White "Medina Garcia, Antonio"]
[Black "Calvo Minguez, Ricardo"]
[Result "0-1"]
[WhiteElo "2380"]
[BlackElo "2330"]
[EventDate "1972.11.27"]
[PlyCount "84"]

1.e4 c5 2.Nf3 d6 3.d4 cxd4 4.Nxd4 Nf6 5.Nc3 e6 6.Bc4 Be7 7.Bb3 Nc6 8.Be3 
Qa5 9.O-O O-O 10.f4 Nxd4 11.Bxd4 e5 12.Be3 exf4 13.Rxf4 Be6 14.Nd5 Bxd5 
15.exd5 Rfe8 16.Bd4 Bd8 17.Kh1 Qc7 18.Qf3 Qe7 19.Rf1 Qe2 20.Qh3 Re4 21.
R4f2 Qg4 22.Qxg4 Nxg4 23.Rf4 Rxf4 24.Rxf4 Nf6 25.c3 Kf8 26.g3 Nd7 27.Kg2 
a6 28.Ba4 b5 29.Bc2 g6 30.a4 Bb6 31.Bf2 Re8 32.axb5 Re2 33.Bd3 Rxb2 34.
bxa6 Ne5 35.Be2 Rxe2 36.Kf1 Rxf2+ 37.Rxf2 Bxf2 38.Kxf2 Nc4 39.a7 Nb6 40.
Ke3 Nxd5+ 41.Kd4 Nc7 42.c4 Ke7 0-1

[Event "8th Palma de Mallorca it"]
[Site "Palma de Mallorca ESP"]
[Date "1972.12.12"]
[Round "12"]
[White "Polugaevsky, Lev"]
[Black "Panno, Oscar"]
[Result "0-1"]
[WhiteElo "2645"]
[BlackElo "2570"]
[EventDate "1972.11.27"]
[PlyCount "96"]

1.Nf3 d5 2.c4 c6 3.d4 Nf6 4.Nc3 e6 5.e3 Nbd7 6.Bd3 dxc4 7.Bxc4 b5 8.Bd3 
Bb7 9.e4 b4 10.Na4 c5 11.e5 Nd5 12.dxc5 Bxc5 13.Nxc5 Nxc5 14.Bb5+ Ke7 15.
Qd4 Qb6 16.Bc4 Nd7 17.Qg4 h6 18.O-O a5 19.Bd2 Rhc8 20.Rfc1 Kf8 21.Qh5 Ne7 
22.Be3 Bxf3 23.Qxf3 Qc6 24.Qxc6 Rxc6 25.f4 Nf5 26.Bd2 Nb6 27.Bb5 Rxc1+ 28.
Rxc1 Rd8 29.Be1 Nd5 30.g3 Nd4 31.Ba6 Nf3+ 32.Kf2 Nxe1 33.Kxe1 g5 34.fxg5 
hxg5 35.Ke2 Kg7 36.Kf3 Ne7 37.Rc5 Rd2 38.Rxa5 Rxb2 39.Kg4 Rxh2 40.Kxg5 Nc6
41.Ra4 Rf2 42.g4 Nxe5 43.Rxb4 Rxa2 44.Bc4 Rc2 45.Bb3 f6+ 46.Kh4 Rc3 47.g5 
Ng6+ 48.Kh5 Rh3+ 0-1

[Event "8th Palma de Mallorca it"]
[Site "Palma de Mallorca ESP"]
[Date "1972.12.12"]
[Round "12"]
[White "Robatsch, Karl"]
[Black "Bilek, Istvan"]
[Result "1/2-1/2"]
[WhiteElo "2460"]
[BlackElo "2485"]
[EventDate "1972.11.27"]
[PlyCount "33"]

1.Nf3 Nf6 2.g3 g6 3.b3 Bg7 4.Bb2 c5 5.c4 O-O 6.Bg2 Nc6 7.O-O d6 8.Nc3 Bf5 
9.Nd5 Nxd5 10.Bxg7 Ne3 11.dxe3 Kxg7 12.Ne1 Qd7 13.Nd3 Bh3 14.Nf4 Bxg2 15.
Kxg2 Qf5 16.f3 Ne5 17.e4 1/2-1/2

[Event "8th Palma de Mallorca it"]
[Site "Palma de Mallorca ESP"]
[Date "1972.12.13"]
[Round "13"]
[White "Calvo Minguez, Ricardo"]
[Black "Bellon Lopez, Juan Manuel"]
[Result "1/2-1/2"]
[WhiteElo "2330"]
[BlackElo "2385"]
[EventDate "1972.11.27"]
[PlyCount "93"]

1.Nf3 c5 2.e4 g6 3.d4 Bg7 4.d5 d6 5.Nc3 Nf6 6.h3 O-O 7.Bd3 Na6 8.O-O Bd7 
9.Re1 Nb4 10.Bf1 Rb8 11.a3 Na6 12.e5 dxe5 13.Nxe5 Nc7 14.Bf4 Bc8 15.Nc4 
Nce8 16.a4 e6 17.dxe6 Bxe6 18.Qf3 Nd5 19.Nxd5 Bxd5 20.Qg3 Qf6 21.Bg5 Qc6 
22.Be7 Nf6 23.Nd6 Nh5 24.Qh2 Ra8 25.Bb5 Qc7 26.Bxf8 Kxf8 27.c3 Be6 28.g4 
Nf6 29.Ne4 Qxh2+ 30.Kxh2 Nxe4 31.Rxe4 Rd8 32.f4 a6 33.Bf1 Bf6 34.Ree1 Bb3 
35.Re2 Bh4 36.Bg2 Rd3 37.Be4 Rd7 38.Bc2 Bc4 39.Rg2 Re7 40.Rd1 Be2 41.Rd2 
Bf3 42.Rg1 Be1 43.Rd8+ Kg7 44.Bd1 Bc6 45.g5 Re3 46.Bg4 Bf2 47.Rg2 1/2-1/2

[Event "8th Palma de Mallorca it"]
[Site "Palma de Mallorca ESP"]
[Date "1972.12.13"]
[Round "13"]
[White "Ivkov, Borislav"]
[Black "Averbakh, Yury"]
[Result "1/2-1/2"]
[WhiteElo "2520"]
[BlackElo "2550"]
[EventDate "1972.11.27"]
[PlyCount "29"]

1.c4 Nf6 2.Nc3 e6 3.Nf3 d5 4.d4 Bb4 5.Bg5 h6 6.Bxf6 Qxf6 7.e3 c6 8.Bd3 Nd7
9.O-O Qe7 10.cxd5 exd5 11.e4 dxe4 12.Nxe4 O-O 13.Qb3 Nb6 14.a3 Bd6 15.Bc2 
1/2-1/2

[Event "8th Palma de Mallorca it"]
[Site "Palma de Mallorca ESP"]
[Date "1972.12.13"]
[Round "13"]
[White "Korchnoi, Viktor"]
[Black "Ljubojevic, Ljubomir"]
[Result "1/2-1/2"]
[WhiteElo "2640"]
[BlackElo "2550"]
[EventDate "1972.11.27"]
[PlyCount "224"]

1.d4 g6 2.c4 Bg7 3.Nc3 d6 4.e4 Nd7 5.Nf3 e5 6.Be2 c6 7.O-O Qc7 8.b3 exd4 
9.Nxd4 Ngf6 10.Bf4 O-O 11.Nc2 Ne8 12.Qd2 Nc5 13.Rad1 f5 14.exf5 Bxf5 15.
Be3 Nf6 16.f3 Rad8 17.Nd4 Bc8 18.b4 Ne6 19.Nb3 d5 20.Nd4 Kh8 21.c5 Nh5 22.
Nxe6 Bxe6 23.Bd4 Rde8 24.Rfe1 Bxd4+ 25.Qxd4+ Kg8 26.Qd2 Rf4 27.Bf1 a5 28.
Ne2 Rxb4 29.Nd4 Bf7 30.Rxe8+ Bxe8 31.a3 Ra4 32.Qe3 Bd7 33.Qb3 Qe5 34.f4 
Qxf4 35.g3 Qxd4+ 36.Rxd4 Rxd4 37.Qxb7 Nf6 38.Qa8+ Kf7 39.Qxa5 Rd1 40.Kg2 
Ne4 41.Qc7 Ke8 42.Be2 Rd2 43.Kf3 Ra2 44.Qb8+ Kf7 45.Qb4 Nf6 46.Ke3 d4+ 47.
Qxd4 Nd5+ 48.Kf2 Rxa3 49.Qh8 Nf6 50.Bc4+ Be6 51.Bxe6+ Kxe6 52.Qc8+ Ke5 53.
Qc7+ Kd4 54.Qd6+ Nd5 55.Qxc6 Rc3 56.Qd7 Rxc5 57.Qxh7 Rc6 58.Kf3 Re6 59.
Qg7+ Kc5 60.Kg4 Nf6+ 61.Kg5 Ne4+ 62.Kf4 Nf6 63.g4 Kd6 64.h4 Ne8 65.Qf8+ 
Kd5 66.Qg8 Kd6 67.Qf8+ Kd5 68.Qf7 Nf6 69.Qb7+ Kd6 70.Qf7 Ne8 71.Kg5 Ke5 
72.h5 gxh5 73.gxh5 Nd6 74.Qg7+ Kd5 75.Kf4 Re4+ 76.Kf3 Re8 77.Qf6 Re1 78.
Qg5+ Ke6 79.Qg4+ Nf5 80.h6 Kf6 81.h7 Rh1 82.Kf4 Ne7 83.Qg8 Ng6+ 84.Kg3 Rh6
85.Kf2 Rh4 86.Ke3 Rh6 87.Kd4 Rh5 88.Kc3 Rh4 89.Kb3 Rh6 90.Ka4 Rh4+ 91.Kb5 
Rh5+ 92.Kb6 Rh6 93.Kc5 Rh4 94.Kd6 Rd4+ 95.Kc6 Rh4 96.Kc5 Rh5+ 97.Kd6 Rh6 
98.Kd5 Rh4 99.Kc5 Rh5+ 100.Kd4 Rh4+ 101.Ke3 Rh6 102.Kf2 Rh4 103.Kf3 Rh3+ 
104.Kg4 Rh4+ 105.Kg3 Rh6 106.Qd8+ Kg7 107.Kg4 Rxh7 108.Qd4+ Kg8 109.Qd5+ 
Rf7 110.Kg5 Nf8 111.Kh6 Nh7 112.Qg2+ Kh8 1/2-1/2

[Event "8th Palma de Mallorca it"]
[Site "Palma de Mallorca ESP"]
[Date "1972.12.13"]
[Round "13"]
[White "Panno, Oscar"]
[Black "Robatsch, Karl"]
[Result "1-0"]
[WhiteElo "2570"]
[BlackElo "2460"]
[EventDate "1972.11.27"]
[PlyCount "85"]

1.c4 g6 2.e4 e5 3.d4 d6 4.Ne2 Nd7 5.Nbc3 Bg7 6.g3 Ngf6 7.h3 c6 8.Be3 O-O 
9.Bg2 a6 10.O-O exd4 11.Nxd4 Re8 12.Re1 Nc5 13.Qc2 a5 14.Rad1 Nfd7 15.b3 
Qe7 16.f4 Nf8 17.Qd2 Nfe6 18.Nde2 Bf8 19.Bf2 f6 20.Nd4 Nd8 21.Rb1 Nf7 22.
a3 Bd7 23.Qc2 Qd8 24.b4 axb4 25.axb4 Ne6 26.Nf3 Ra3 27.Qb2 Ra8 28.Qb3 g5 
29.f5 Ng7 30.g4 h5 31.Na4 c5 32.Nc3 Bc6 33.b5 Bd7 34.Nd5 hxg4 35.hxg4 Nh6 
36.Bh3 Kf7 37.Qb2 Be7 38.Ra1 Rxa1 39.Rxa1 Rh8 40.Ra7 Nhxf5 41.exf5 Rxh3 
42.Kg2 Qh8 43.Qe2 1-0

[Event "8th Palma de Mallorca it"]
[Site "Palma de Mallorca ESP"]
[Date "1972.12.13"]
[Round "13"]
[White "Pomar Salamanca, Arturo"]
[Black "Medina Garcia, Antonio"]
[Result "1/2-1/2"]
[WhiteElo "2460"]
[BlackElo "2380"]
[EventDate "1972.11.27"]
[PlyCount "76"]

1.c4 e6 2.Nf3 d5 3.g3 Nf6 4.Bg2 Be7 5.b3 b6 6.Bb2 Bb7 7.O-O O-O 8.e3 Nbd7 
9.Qe2 c5 10.Rd1 Qc7 11.Nc3 Rac8 12.Rac1 Rfd8 13.d3 a6 14.h3 h6 15.Kh2 Qb8 
16.a3 Bc6 17.cxd5 Nxd5 18.Ne4 a5 19.d4 N5f6 20.Nc3 Ne4 21.a4 Nxc3 22.Bxc3 
Qb7 23.Bh1 cxd4 24.Bxd4 Nc5 25.Nd2 Bxh1 26.Rxh1 Qd5 27.Nc4 Nxb3 28.Nxb6 
Nxc1 29.Rxc1 Qxd4 30.Nxc8 Qd7 31.Nxe7+ Qxe7 32.Qf3 Qd7 33.Qf4 Rc8 34.Rb1 
Rc5 35.Qe4 g6 36.Kg2 Qd2 37.Rb5 Rf5 38.Rxf5 gxf5 1/2-1/2

[Event "8th Palma de Mallorca it"]
[Site "Palma de Mallorca ESP"]
[Date "1972.12.14"]
[Round "14"]
[White "Andersson, Ulf"]
[Black "Panno, Oscar"]
[Result "1/2-1/2"]
[WhiteElo "2535"]
[BlackElo "2570"]
[EventDate "1972.11.27"]
[PlyCount "59"]

1.Nf3 Nf6 2.c4 g6 3.Nc3 Bg7 4.e4 d6 5.d4 O-O 6.Be2 e5 7.dxe5 dxe5 8.Qxd8 
Rxd8 9.Bg5 Re8 10.Nd5 Nxd5 11.cxd5 c6 12.Bc4 cxd5 13.Bxd5 Nd7 14.Nd2 Nc5 
15.O-O-O Ne6 16.Be3 Nf4 17.Bxf4 exf4 18.f3 Kf8 19.Nc4 Re7 20.Kb1 Rb8 21.
Rd3 b6 22.Rhd1 Ba6 23.Ra3 Bxc4 24.Bxc4 Rc8 25.Ba6 Rcc7 26.Rd8+ Re8 27.
Rxe8+ Kxe8 28.Bb5+ Ke7 29.Rd3 Be5 30.a3 1/2-1/2

[Event "8th Palma de Mallorca it"]
[Site "Palma de Mallorca ESP"]
[Date "1972.12.14"]
[Round "14"]
[White "Bellon Lopez, Juan Manuel"]
[Black "Pomar Salamanca, Arturo"]
[Result "0-1"]
[WhiteElo "2385"]
[BlackElo "2460"]
[EventDate "1972.11.27"]
[PlyCount "112"]

1.e4 c6 2.Nc3 d5 3.Nf3 Bg4 4.h3 Bxf3 5.Qxf3 e6 6.a3 Nd7 7.d3 Bd6 8.Qe2 Ne7
9.g3 d4 10.Nd1 e5 11.Bg2 Qc7 12.O-O h5 13.c3 h4 14.g4 c5 15.b4 Ng6 16.Rb1 
O-O 17.cxd4 cxd4 18.Nb2 Rac8 19.Nc4 b5 20.Nxd6 Qxd6 21.Bd2 Rc2 22.Rfc1 Nf4
23.Qd1 Rxc1 24.Rxc1 Nxd3 25.Rc2 Nf4 26.Bxf4 exf4 27.Rd2 Ne5 28.Rxd4 Qc7 
29.Rd5 Qc3 30.Rxb5 Re8 31.Rd5 f6 32.Ra5 Rc8 33.Rxa7 Qb2 34.Qd5+ Kh8 35.Ra8
Rxa8 36.Qxa8+ Kh7 37.Qa6 Qc1+ 38.Qf1 Qxa3 39.Qb1 Qa7 40.b5 Qd4 41.b6 Nd3 
42.e5 Qxf2+ 43.Kh1 Qe3 44.b7 f5 45.Qxd3 Qxd3 46.b8=Q f3 47.Qe8 fxg2+ 48.
Kh2 g1=Q+ 49.Kxg1 Qg3+ 50.Kf1 Qxh3+ 51.Kf2 Qg3+ 52.Kf1 Qf3+ 53.Ke1 Qxg4 
54.e6 h3 55.e7 h2 56.Qc6 Qh4+ 0-1

[Event "8th Palma de Mallorca it"]
[Site "Palma de Mallorca ESP"]
[Date "1972.12.14"]
[Round "14"]
[White "Gheorghiu, Florin"]
[Black "Medina Garcia, Antonio"]
[Result "1-0"]
[WhiteElo "2520"]
[BlackElo "2380"]
[EventDate "1972.11.27"]
[PlyCount "49"]

1.Nf3 Nf6 2.g3 d5 3.Bg2 c5 4.c4 e6 5.O-O Be7 6.cxd5 exd5 7.d4 Nc6 8.Nc3 
O-O 9.dxc5 Bxc5 10.Na4 Be7 11.Be3 Ne4 12.Rc1 Be6 13.Nd4 Nxd4 14.Bxd4 Qd7 
15.Nc3 Rfd8 16.e3 Bg4 17.f3 Bh5 18.Nxd5 Qxd5 19.fxe4 Qa5 20.Qb3 Rd7 21.Rf5
Qd2 22.Rcf1 Rxd4 23.exd4 Bg5 24.Kh1 Rf8 25.h4 1-0